[Event "Xtracon Chess Open 2018"]
[Site "Elsinore"]
[Date "2018.07.25"]
[Round "6"]
[White "Hill, Alistair"]
[Black "Bering, Anders"]
[Result "1/2-1/2"]
[WhiteElo "2192"]
[BlackElo "1995"]
[EventDate "2018.07.21"]
[WhiteFideId "432407"]
[BlackFideId "1405810"]

1.d4 Nf6 2.c4 e6 3.Nf3 d5 4.g3 Bb4+ 5.Bd2 Be7 6.Bg2 O-O 7.O-O c6 8.Qc2 
Nbd7 9.Bf4 dxc4 10.Qxc4 Nb6 11.Qc2 Nbd5 12.Bd2 Bd7 13.a3 Rc8 14.e4 Nc7 15.
Rd1 b6 16.Nc3 c5 17.dxc5 Bxc5 18.Bg5 Qe8 19.Ne5 Bb5 20.a4 Bc6 21.Bxf6 gxf6
22.Nxc6 Qxc6 23.e5 Nd5 24.Bxd5 exd5 25.Nxd5 fxe5 26.Rac1 Qe6 27.Qd2 h6 28.
Qe2 Kh8 29.Ne3 Bd4 30.b4 Bxe3 31.Qxe3 Kg7 32.Qe4 Rfd8 33.Kg2 Rxd1 34.Rxd1 
Rc4 35.Qe1 Qc6+ 36.Kg1 Qe4 37.Qxe4 Rxe4 38.Rd7 Rxb4 39.Rxa7 Rb1+ 1/2-1/2

[Event "Xtracon Chess Open 2018"]
[Site "Elsinore"]
[Date "2018.07.25"]
[Round "6"]
[White "Sorensen, Bernhard W."]
[Black "Unneland, Mathias"]
[Result "1-0"]
[WhiteElo "1691"]
[BlackElo "1896"]
[EventDate "2018.07.21"]
[WhiteFideId "1442074"]
[BlackFideId "1525581"]

1.d4 Nf6 2.Bf4 g6 3.e3 Bg7 4.Nf3 O-O 5.Be2 d6 6.h3 Re8 7.O-O Nc6 8.c3 e6 
9.Nbd2 b6 10.Qc2 Qe7 11.Bg5 h6 12.Bh4 e5 13.d5 Nb8 14.e4 g5 15.Bg3 Nh5 16.
Nh2 Nf4 17.Bg4 Nd7 18.Bf5 Nf6 19.Bxc8 Raxc8 20.Ndf3 N6h5 21.Ng4 Rf8 22.Ne3
c6 23.Nf5 Qd7 24.dxc6 Rxc6 25.Rad1 Qe6 26.Bxf4 Nxf4 27.Qa4 d5 28.Ne7+ Qxe7
29.Qxc6 dxe4 30.Qxe4 h5 31.Qf5 Ne6 32.Nxe5 Nf4 33.Nf3 f6 34.Rfe1 Qb7 35.
Rd7 Qc8 36.Ree7 Kh8 37.Rxg7 1-0

[Event "Xtracon Chess Open 2018"]
[Site "Elsinore"]
[Date "2018.07.25"]
[Round "6"]
[White "Sandbech, Ted Henrik"]
[Black "Starup, Leo"]
[Result "1/2-1/2"]
[WhiteElo "1775"]
[BlackElo "1562"]
[EventDate "2018.07.21"]
[WhiteFideId "1409751"]
[BlackFideId "1422669"]

1.Nf3 d5 2.d4 e6 3.c4 Nf6 4.Nc3 Be7 5.Bg5 Bd7 6.Bxf6 Bxf6 7.cxd5 exd5 8.
Nxd5 c6 9.Nxf6+ Qxf6 10.e3 Be6 11.Be2 Nd7 12.O-O O-O 13.Qc2 Rac8 14.Bd3 h6
15.b3 c5 16.Qd2 Rfd8 17.Rac1 cxd4 18.Rxc8 Rxc8 19.Nxd4 Ne5 20.Nxe6 Qxe6 
21.Be2 Qb6 22.Rd1 Qg6 23.Rc1 Nc6 24.Qd7 Rd8 25.Qxb7 Rd2 26.Qxc6 Qxc6 27.
Rxc6 Rxe2 28.g3 Rxa2 29.b4 Ra4 30.b5 Ra5 31.Rc8+ Kh7 32.Rc7 Kg6 33.Kg2 
Rxb5 34.Rxa7 Re5 35.Ra3 f5 36.h3 Kh5 37.Ra4 g5 38.g4+ fxg4 39.Rxg4 Ra5 40.
Re4 Ra1 41.Re6 Re1 42.e4 Re2 43.e5 Re4 44.f3 Rf4 45.Kg3 Rf5 46.Re8 Kg6 47.
e6 Re5 48.e7 Kf7 49.Rh8 Re6 50.e8=Q+ Rxe8 51.Rxh6 Kg7 52.Ra6 Re5 53.Ra4 
Rf5 54.h4 gxh4+ 55.Rxh4 Kf6 56.Rf4 Kg5 57.Rxf5+ Kxf5 58.f4 Kf6 59.Kg4 Kg6 
60.f5+ Kf6 61.Kf4 Kf7 62.Ke5 Ke7 63.f6+ Kf7 64.Kf5 Kf8 65.Ke6 Ke8 66.Kf5 
Kf8 67.Ke5 Kf7 68.Kf5 Kf8 69.Kg6 Kg8 1/2-1/2

[Event "Xtracon Chess Open 2018"]
[Site "Elsinore"]
[Date "2018.07.25"]
[Round "6"]
[White "Mansoor, Afras"]
[Black "Gottstein, Claudius-Thomas"]
[Result "1-0"]
[WhiteElo "1973"]
[BlackElo "2190"]
[EventDate "2018.07.21"]
[WhiteFideId "1522108"]
[BlackFideId "4653327"]

1.c4 c5 2.g3 Nf6 3.Bg2 d5 4.cxd5 Nxd5 5.Nc3 Nc7 6.Qa4+ Qd7 7.Qxd7+ Nxd7 8.
e3 e5 9.b3 Rb8 10.Bb2 b6 11.Nge2 Be7 12.d4 exd4 13.exd4 O-O 14.O-O-O Nf6 
15.Rhe1 Rd8 16.dxc5 Rxd1+ 17.Rxd1 bxc5 18.Nf4 Kf8 19.Ncd5 Ncxd5 20.Nxd5 
Nxd5 21.Bxd5 Bb7 22.Be5 Bxd5 23.Bxb8 Be6 24.Bxa7 c4 25.Kb2 Bg4 26.Rd5 Be6 
27.bxc4 Bf6+ 28.Kb3 Bxd5 29.cxd5 Ke7 30.Kc4 Kd7 31.Bc5 Kc7 32.a4 h5 33.a5 
Kb7 34.Kb5 h4 35.d6 hxg3 36.hxg3 g5 37.a6+ Ka8 38.d7 Bd8 39.Bb6 Be7 40.
d8=R+ Bxd8 41.Bxd8 g4 42.Bb6 f5 43.Kc5 1-0

[Event "Xtracon Chess Open 2018"]
[Site "Elsinore"]
[Date "2018.07.25"]
[Round "6"]
[White "Munshi, Aditya"]
[Black "Jaksland, Tim"]
[Result "0-1"]
[WhiteElo "1953"]
[BlackElo "2185"]
[EventDate "2018.07.21"]
[WhiteFideId "436720"]
[BlackFideId "1401084"]

1.e4 c5 2.Nf3 e6 3.d4 cxd4 4.Nxd4 Nc6 5.Nc3 Qc7 6.Be3 a6 7.Qf3 Bd6 8.O-O-O
Be5 9.Nxc6 bxc6 10.Bd4 Nf6 11.Be2 d5 12.Bxe5 Qxe5 13.exd5 cxd5 14.Rhe1 O-O
15.Kb1 Qc7 16.g4 Rb8 17.g5 Nd7 18.b3 Bb7 19.Qh3 Rfc8 20.Kb2 Qc5 21.Qe3 Qa5
22.f4 Rc7 23.Nb1 Rbc8 24.c3 Qc5 25.Bf3 a5 26.Qxc5 Nxc5 27.f5 d4 28.Bxb7 
dxc3+ 29.Nxc3 Rxb7 30.fxe6 Nxe6 31.h4 Rbc7 32.Nd5 Rb7 33.Re2 Kf8 34.Rf1 
Nc5 35.Rf3 Rd8 36.Nf4 Rd4 37.Ka3 a4 38.Rc2 axb3 39.axb3 Ra7+ 40.Kb2 Rxf4 
41.Re3 Ne6 0-1

[Event "Xtracon Chess Open 2018"]
[Site "Elsinore"]
[Date "2018.07.25"]
[Round "6"]
[White "Glibstrup, Jakob"]
[Black "Leutwyler, Martin"]
[Result "0-1"]
[WhiteElo "1920"]
[BlackElo "2185"]
[EventDate "2018.07.21"]
[WhiteFideId "1416146"]
[BlackFideId "1301969"]

1.Nf3 d5 2.g3 c6 3.Bg2 Bg4 4.h3 Bh5 5.O-O Nd7 6.d3 Ngf6 7.Nbd2 e5 8.e4 Bd6
9.g4 Bg6 10.Nxe5 Bxe5 11.f4 Bd4+ 12.Kh1 h5 13.c3 Bb6 14.g5 Ng4 15.Qe2 Ne3 
16.exd5 O-O 17.Rf3 Re8 18.Nf1 Nxd5 19.Qd2 Ne7 20.Ng3 Nf5 21.b4 a5 22.Nxf5 
Bxf5 23.Bb2 Nf8 24.a3 Be4 25.Rg3 h4 26.Rg4 Qxd3 27.Qxd3 Bxd3 28.Rc1 Re2 
29.Ba1 Rae8 30.Kh2 Bf5 31.Rxh4 Ng6 0-1

[Event "Xtracon Chess Open 2018"]
[Site "Elsinore"]
[Date "2018.07.25"]
[Round "6"]
[White "Myrheim, Hakon Abeland"]
[Black "Andersen, Morten"]
[Result "0-1"]
[WhiteElo "1888"]
[BlackElo "2174"]
[EventDate "2018.07.21"]
[WhiteFideId "1526820"]
[BlackFideId "1504908"]

1.e4 d6 2.d4 Nf6 3.Nc3 g6 4.Be3 c6 5.h3 Nbd7 6.Nf3 Qc7 7.a4 Bg7 8.Bc4 O-O 
9.Qd3 e5 10.dxe5 Nxe5 11.Nxe5 dxe5 12.Rd1 Re8 13.Qd6 Qxd6 14.Rxd6 Nd7 15.
Ke2 Bf8 16.Rd2 Bb4 17.Rhd1 Nf8 18.f3 Kg7 19.Kf2 Ne6 20.Re2 Nd4 21.Bxd4 
exd4 22.Na2 Ba5 23.b4 Bc7 24.a5 b6 25.Rxd4 bxa5 26.bxa5 Bxa5 27.Rd6 c5 28.
Bb5 Re7 29.Nc1 Rb8 30.Bc4 Rb4 31.Bd5 Bc7 32.Rc6 Bb7 33.Nd3 Rb1 34.Rxc5 Bb6
35.Bxb7 Rxb7 36.Kg3 Bxc5 37.Nxc5 Rc7 38.Nb3 Rb2 39.Nd4 Rc4 40.Rd2 a5 41.e5
a4 42.e6 fxe6 43.Nxe6+ Kf6 44.Nf4 Rbxc2 45.Rd6+ Ke7 46.Ra6 Rd2 47.Ra7+ Kd6
48.Rxh7 a3 49.Ra7 g5 50.Nh5 Rcc2 51.Kg4 Rxg2+ 52.Ng3 Rc4+ 53.Kh5 Rxg3 54.
Rxa3 Rh4+ 55.Kg6 Rhxh3 0-1

[Event "Xtracon Chess Open 2018"]
[Site "Elsinore"]
[Date "2018.07.25"]
[Round "6"]
[White "Ivarsson, Torbjorn"]
[Black "Kizatbay, Alseit"]
[Result "1-0"]
[WhiteElo "2161"]
[BlackElo "1932"]
[EventDate "2018.07.21"]
[WhiteFideId "1705865"]
[BlackFideId "13712209"]

1.d4 Nf6 2.Bf4 d5 3.e3 c5 4.c3 Nc6 5.Nd2 e6 6.Bd3 Bd6 7.Bxd6 Qxd6 8.f4 
cxd4 9.cxd4 O-O 10.a3 Ne7 11.Qe2 Bd7 12.Ngf3 b5 13.O-O Rfb8 14.Ne5 a5 15.
g4 b4 16.a4 Bc8 17.g5 Ne4 18.Nxe4 dxe4 19.Bxe4 Nf5 20.Qh5 Ra7 21.Rac1 Rc7 
22.Rc6 Rxc6 23.Qxf7+ Kh8 24.Qe8+ 1-0

[Event "Xtracon Chess Open 2018"]
[Site "Elsinore"]
[Date "2018.07.25"]
[Round "6"]
[White "Satre, Roger"]
[Black "Kistrup, Nicolai"]
[Result "0-1"]
[WhiteElo "1834"]
[BlackElo "2154"]
[EventDate "2018.07.21"]
[WhiteFideId "1510320"]
[BlackFideId "1444816"]

1.d4 Nf6 2.c4 e6 3.Nc3 Bb4 4.e3 O-O 5.Ne2 c6 6.a3 Ba5 7.Nf4 d5 8.Qc2 Nbd7 
9.Be2 dxc4 10.Bxc4 e5 11.Ne2 exd4 12.Nxd4 Ne5 13.Be2 Bg4 14.Bxg4 Nexg4 15.
b4 c5 16.bxc5 Nxf2 17.O-O Bxc3 18.Qxc3 N2e4 19.Qb4 Qc7 20.Rb1 Nxc5 21.Rxf6
gxf6 22.Nf5 Kh8 23.Bb2 Nd7 24.Qh4 Qb6 25.Qe4 Qe6 26.Qf3 Ne5 27.Qe4 Rg8 28.
Bxe5 fxe5 29.Rxb7 Rac8 30.Rb2 Rc1+ 31.Kf2 Rc4 32.Qf3 e4 33.Qf4 Qf6 34.Rd2 
Rc5 35.g4 Qe5 36.Qh6 Rcc8 37.h3 Qh2+ 38.Ke1 Rc1+ 39.Rd1 Qg1+ 40.Ke2 Qxd1+ 
41.Kf2 Qf3# 0-1

[Event "Xtracon Chess Open 2018"]
[Site "Elsinore"]
[Date "2018.07.25"]
[Round "6"]
[White "Woltery, Nicolai"]
[Black "Jorgensen, Dennis"]
[Result "0-1"]
[WhiteElo "1715"]
[BlackElo "2147"]
[EventDate "2018.07.21"]
[WhiteFideId "436887"]
[BlackFideId "1408380"]

1.c4 c6 2.Nc3 d5 3.d4 Nf6 4.cxd5 cxd5 5.Bf4 Nc6 6.e3 a6 7.Be2 e6 8.Nf3 Be7
9.Ne5 Bd7 10.O-O O-O 11.Rc1 Rc8 12.Na4 Nxe5 13.Rxc8 Bxc8 14.dxe5 Nd7 15.e4
dxe4 16.Qc2 Qa5 17.a3 b5 18.Nc3 Bb7 19.Nxe4 Rc8 20.Qd3 Bd5 21.Nd6 Bxd6 22.
exd6 Bc4 23.Qf3 Bxe2 24.Qxe2 Qa4 25.Rc1 Rxc1+ 26.Bxc1 Qd4 27.Qd2 Qxd2 28.
Bxd2 f6 29.f3 Kf7 30.Kf2 e5 31.Ke3 Ke6 32.Bb4 Nb6 33.Kd3 Nc4 34.b3 Nxd6 
35.Ba5 Kd5 36.Bc3 Nf5 37.Be1 Nd4 38.Kc3 Nc6 39.Bf2 f5 40.Kd3 e4+ 41.fxe4+ 
fxe4+ 42.Kc3 Ne5 43.h3 g6 44.Be3 h5 45.Bg5 Nd3 46.Kd2 Ke5 47.Be3 Nf4 48.g3
Nd5 49.Bg5 Kd4 50.g4 hxg4 51.hxg4 e3+ 52.Kc2 Ke4 53.Bh4 Nf4 54.Kc3 Ng2 55.
Bg5 a5 56.a4 bxa4 57.bxa4 Kf3 58.Kc4 e2 59.Bd2 e1=Q 60.Bxe1 Nxe1 61.Kb5 
Nd3 62.Kxa5 Nb2 63.g5 Kg4 64.Kb4 Nxa4 65.Kxa4 Kxg5 66.Kb3 Kf4 67.Kc2 Ke3 
68.Kd1 Kf2 69.Kd2 g5 70.Kd3 g4 71.Ke4 g3 72.Kf4 g2 73.Ke5 g1=Q 74.Ke4 Qg4+
75.Ke5 Ke3 76.Kd5 Qd4+ 77.Ke6 Ke4 78.Ke7 Qb6 79.Kd7 Ke5 80.Kc8 Qa7 81.Kd8 
Kd6 82.Ke8 Qe7# 0-1

[Event "Xtracon Chess Open 2018"]
[Site "Elsinore"]
[Date "2018.07.25"]
[Round "6"]
[White "Rolstad, Morten"]
[Black "Thybo, Thomas Sondergaard"]
[Result "0-1"]
[WhiteElo "1805"]
[BlackElo "2146"]
[EventDate "2018.07.21"]
[WhiteFideId "1525026"]
[BlackFideId "1441299"]

1.e4 Nc6 2.Nf3 e5 3.Bc4 Bc5 4.c3 Nf6 5.d3 d6 6.O-O a6 7.Bb3 Ba7 8.Nbd2 h6 
9.h3 g5 10.Nc4 g4 11.hxg4 Nxg4 12.d4 Qf6 13.Ne3 Rg8 14.Nd5 Qd8 15.Ne3 Bd7 
16.dxe5 Ncxe5 17.Nxe5 Nxe5 18.Nf5 Bxf5 19.exf5 Qh4 20.Ba4+ Ke7 0-1

[Event "Xtracon Chess Open 2018"]
[Site "Elsinore"]
[Date "2018.07.25"]
[Round "6"]
[White "Niese, Holger"]
[Black "Gula, Julian"]
[Result "1-0"]
[WhiteElo "2140"]
[BlackElo "1909"]
[EventDate "2018.07.21"]
[WhiteFideId "4697057"]
[BlackFideId "12954799"]

1.e4 e5 2.Bc4 Nc6 3.Nf3 Nf6 4.Ng5 d5 5.exd5 Na5 6.Bb5+ Bd7 7.Bxd7+ Qxd7 8.
Nc3 Nxd5 9.O-O O-O-O 10.d3 h6 11.Nf3 Nxc3 12.bxc3 e4 13.Ne5 Qe6 14.f4 Bd6 
15.d4 f5 16.Qe2 Bxe5 17.fxe5 Nc4 18.Rb1 c6 19.Rb3 b5 20.a4 a6 21.Kh1 g5 
22.axb5 axb5 23.g4 Rhf8 24.Ba3 Rf7 25.gxf5 Rxf5 26.Bc5 e3 27.Rxf5 Qxf5 28.
Rb1 Nd2 29.Ra1 Ne4 30.Rf1 Nf2+ 31.Kg2 Qh3+ 32.Kg1 g4 33.Rxf2 exf2+ 34.Qxf2
Qh5 35.Qf6 Qe8 36.e6 Rd5 37.Qf7 Rd8 38.Be7 c5 39.d5 Qh8 40.Bxd8 Qxd8 41.e7
1-0

[Event "Xtracon Chess Open 2018"]
[Site "Elsinore"]
[Date "2018.07.25"]
[Round "6"]
[White "Sorensen, Hampus"]
[Black "Voll, Oddvar U"]
[Result "1-0"]
[WhiteElo "2204"]
[BlackElo "1915"]
[EventDate "2018.07.21"]
[WhiteFideId "8703884"]
[BlackFideId "1533827"]

1.d4 f5 2.Nf3 e6 3.g3 Nf6 4.Bg2 Be7 5.O-O O-O 6.c4 d6 7.b3 Ne4 8.Bb2 Nd7 
9.Qc2 Bf6 10.Nbd2 Nxd2 11.Nxd2 Qe8 12.e4 Qh5 13.f4 fxe4 14.Nxe4 Be7 15.
Rfe1 Nf6 16.Ng5 e5 17.dxe5 dxe5 18.Rxe5 Bd6 19.Re2 Bg4 20.Ree1 Bc5+ 21.Kh1
c6 22.h4 Rad8 23.Bc3 Rd7 24.b4 Bd4 25.Bxd4 Rxd4 26.Re5 Nd7 27.Ne6 Nxe5 28.
Nxd4 Nf3 29.Nxf3 Bxf3 30.Rf1 Bxg2+ 31.Kxg2 Re8 32.Rf2 Re3 33.Qd2 Qe8 34.
Kh2 h6 35.b5 cxb5 36.cxb5 Qe4 37.Qc2 Qe7 38.Rd2 Kh8 39.Qc8+ Kh7 40.Qf5+ 
Kh8 41.Qc8+ Kh7 42.Qc2+ Kh8 43.a4 b6 44.Qc4 Kh7 45.h5 Qe8 46.Qc2+ Kh8 47.
Qd1 Qe4 48.Qg4 Qe7 49.Qc8+ Kh7 50.Qf5+ Kh8 51.Rd7 Re2+ 52.Kh3 Rh2+ 53.Kxh2
Qe2+ 54.Kh3 Qf1+ 55.Kh4 g5+ 56.hxg6 1-0

[Event "Xtracon Chess Open 2018"]
[Site "Elsinore"]
[Date "2018.07.25"]
[Round "6"]
[White "Degerfeldt, Sven"]
[Black "Rossen, Claus"]
[Result "0-1"]
[WhiteElo "1902"]
[BlackElo "2168"]
[EventDate "2018.07.21"]
[WhiteFideId "1717430"]
[BlackFideId "1403222"]

1.d4 g6 2.e4 Bg7 3.Nc3 d6 4.f4 Nf6 5.Nf3 O-O 6.Bd3 Na6 7.O-O c5 8.d5 Bg4 
9.h3 Bxf3 10.Qxf3 Nb4 11.Bd2 a6 12.Rac1 Nxd3 13.cxd3 b5 14.Nd1 Rc8 15.b3 
e6 16.dxe6 fxe6 17.Be3 Nd7 18.Qe2 Qe7 19.g4 d5 20.Qg2 d4 21.Bd2 Qd6 22.e5 
Qc6 23.Qg3 Nb6 24.Nf2 c4 25.Ne4 c3 26.Nd6 Rcd8 27.Be1 Nd5 28.Rf3 Nb4 29.a3
Na2 30.Rc2 Bxe5 31.Ne4 Bc7 32.Qf2 Qd5 33.Rxa2 Qxb3 34.g5 Rf7 35.Nf6+ Kh8 
36.Qc2 Qxc2 37.Rxc2 a5 38.Bxc3 dxc3 39.Rxc3 Bb6+ 40.Kg2 Bd4 41.Rb3 Bxf6 
42.gxf6 Rb8 43.Re3 Rxf6 44.Kg3 Rb6 45.Re4 Rf5 46.Rc3 Kg7 47.Rc7+ Rf7 48.
Rc5 Rd7 49.d4 Kf6 50.Kf3 Rd5 51.Ke3 b4 52.axb4 axb4 53.Rc2 b3 54.Rb2 Rh5 
55.Kd2 Rxh3 56.Re3 Rh2+ 57.Re2 Rxe2+ 58.Kxe2 Kf5 59.Ke3 h5 60.Kf3 h4 61.
Ke3 h3 62.Kf3 h2 63.Kg2 Kxf4 64.Kxh2 Ke4 0-1

[Event "Xtracon Chess Open 2018"]
[Site "Elsinore"]
[Date "2018.07.25"]
[Round "6"]
[White "Rasmussen, Morten Fredsgaard"]
[Black "Poulsen, Iver"]
[Result "0-1"]
[WhiteElo "1901"]
[BlackElo "2133"]
[EventDate "2018.07.21"]
[WhiteFideId "1410636"]
[BlackFideId "1405110"]

1.d4 e6 2.Bf4 f5 3.Nf3 Nf6 4.e3 b6 5.Bd3 Bb7 6.Nbd2 Be7 7.Qe2 O-O 8.a4 a5 
9.h3 Nd5 10.c3 Nxf4 11.exf4 c5 12.dxc5 bxc5 13.Nc4 Rf6 14.O-O Qc7 15.Nce5 
d6 16.Nc4 Nd7 17.Rfe1 Nf8 18.Ne3 Ng6 19.Qc2 Nxf4 20.Be2 Be4 21.Qd2 Rg6 0-1

[Event "Xtracon Chess Open 2018"]
[Site "Elsinore"]
[Date "2018.07.25"]
[Round "6"]
[White "Lahlum, Hans Olav"]
[Black "Rasmussen, Jonas H"]
[Result "1-0"]
[WhiteElo "2122"]
[BlackElo "1892"]
[EventDate "2018.07.21"]
[WhiteFideId "1501348"]
[BlackFideId "1511637"]

1.d4 d5 2.c4 c6 3.Nf3 Nf6 4.Nc3 a6 5.e3 b5 6.b3 Bg4 7.Be2 e6 8.O-O Nbd7 9.
h3 Bh5 10.Qc2 Be7 11.a3 O-O 12.e4 dxe4 13.Nxe4 Nxe4 14.Qxe4 Qb6 15.Bf4 Bg6
16.Qe3 Bf6 17.c5 Qb7 18.Ne5 Nxe5 19.dxe5 Be7 20.Bf3 Rfd8 21.Rfd1 Qc7 22.
Qc3 Rxd1+ 23.Rxd1 Rd8 24.Rxd8+ Bxd8 25.Qd2 Be7 26.b4 h6 27.h4 Bb1 28.h5 
Bh7 29.g4 Bf8 30.Bg2 a5 31.Qd1 axb4 32.axb4 Qc8 33.Qf3 Qd7 34.Be3 Qd5 35.
Qxd5 exd5 36.Bxd5 cxd5 37.c6 d4 38.c7 dxe3 39.fxe3 Bxb4 40.c8=Q+ Bf8 41.e6
fxe6 42.Qxe6+ Kh8 43.Qe8 Kg8 44.e4 b4 45.e5 1-0

[Event "Xtracon Chess Open 2018"]
[Site "Elsinore"]
[Date "2018.07.25"]
[Round "6"]
[White "Molvig, Henrik"]
[Black "Alfven, Jorgen"]
[Result "1-0"]
[WhiteElo "2121"]
[BlackElo "1896"]
[EventDate "2018.07.21"]
[WhiteFideId "1402625"]
[BlackFideId "1715950"]

1.d4 Nf6 2.c4 c5 3.d5 e6 4.Nc3 exd5 5.cxd5 d6 6.e4 g6 7.f4 Bg7 8.Bb5+ Nfd7
9.a4 a6 10.Bd3 O-O 11.Nf3 Re8 12.O-O Qc7 13.Kh1 b6 14.Be3 c4 15.Bc2 Nc5 
16.Bd4 f5 17.e5 Bh6 18.exd6 Qxd6 19.Ne5 Bb7 20.Nxc4 Qd8 21.a5 Nbd7 22.axb6
Qe7 23.Na5 Qd6 24.b4 Bxd5 25.Nxd5 1-0

[Event "Xtracon Chess Open 2018"]
[Site "Elsinore"]
[Date "2018.07.25"]
[Round "6"]
[White "Smeby, Ole"]
[Black "Schwerteck, Michael"]
[Result "1/2-1/2"]
[WhiteElo "1887"]
[BlackElo "2115"]
[EventDate "2018.07.21"]
[WhiteFideId "1503677"]
[BlackFideId "4687078"]

1.d4 d5 2.Nf3 Nf6 3.e3 c5 4.c4 cxd4 5.exd4 Nc6 6.Nc3 Bg4 7.Be3 e6 8.cxd5 
Nxd5 9.Be2 Be7 10.O-O O-O 11.Qd2 Rc8 12.a3 Na5 13.Nxd5 Qxd5 14.Rad1 Nb3 
15.Qe1 Rc2 16.Bd3 Rxb2 17.Qc3 Bxa3 18.Bc4 Qa5 19.Rd3 Bxf3 20.gxf3 Rc8 21.
Qxa5 Nxa5 22.Rxa3 Nxc4 23.Rxa7 Nxe3 24.fxe3 Kf8 25.Rf2 Rc1+ 26.Kg2 Rcb1 
27.h4 Ke7 28.Rxb2 Rxb2+ 29.Kg3 h5 30.Kf4 Kf6 31.e4 b5 32.Rb7 b4 33.Rb6 b3 
34.d5 Rd2 35.e5+ Ke7 36.d6+ Ke8 37.Rxb3 f6 38.Ke3 Rd5 39.exf6 gxf6 40.Rb8+
Kd7 41.Ke4 Kxd6 42.Rb6+ Kd7 43.Rb7+ Kc6 44.Rh7 Ra5 45.Kf4 Kd6 46.Rb7 Rf5+ 
47.Ke4 Re5+ 48.Kf4 Kd5 49.Rd7+ Kc4 50.Rf7 Rf5+ 51.Ke4 Kc3 52.f4 Kd2 53.Re7
Ra5 54.Rxe6 f5+ 55.Kd4 Ra1 56.Rh6 Re1 57.Rxh5 Re4+ 58.Kd5 Rxf4 59.Ke5 Ke3 
60.Rxf5 Rxh4 1/2-1/2

[Event "Xtracon Chess Open 2018"]
[Site "Elsinore"]
[Date "2018.07.25"]
[Round "6"]
[White "Johansen, Oivind"]
[Black "Fjallheim, Leif Reinert"]
[Result "1/2-1/2"]
[WhiteElo "2105"]
[BlackElo "1886"]
[EventDate "2018.07.21"]
[WhiteFideId "1501119"]
[BlackFideId "7201788"]

1.d4 Nf6 2.c4 g6 3.g3 d6 4.Nf3 Bg7 5.Bg2 O-O 6.O-O Nbd7 7.Nc3 c6 8.e4 e5 
9.h3 Qe7 10.Re1 h6 11.Be3 Nb6 12.b3 Ne8 13.Qd2 Kh7 14.Rad1 Nc7 15.c5 dxc5 
16.d5 Qd6 17.dxc6 Qxc6 18.Nd5 Ncxd5 19.exd5 Qd6 20.Qc1 Nd7 21.Nd2 b6 22.
Nc4 Qb8 23.f4 f6 24.Qc2 Ba6 25.fxe5 Nxe5 26.Bf4 Bxc4 27.bxc4 Qd6 28.Bxe5 
fxe5 29.Be4 Rf6 30.Rf1 Raf8 31.Rxf6 Rxf6 32.Rf1 1/2-1/2

[Event "Xtracon Chess Open 2018"]
[Site "Elsinore"]
[Date "2018.07.25"]
[Round "6"]
[White "Shehzad, Shazil"]
[Black "Kizatbay, Abyl"]
[Result "0-1"]
[WhiteElo "1896"]
[BlackElo "2088"]
[EventDate "2018.07.21"]
[WhiteFideId "1521942"]
[BlackFideId "1521853"]

1.e4 c5 2.Nf3 Nc6 3.Bb5 g6 4.Bxc6 bxc6 5.O-O Bg7 6.Re1 Nh6 7.c3 O-O 8.d4 
cxd4 9.cxd4 d5 10.e5 f6 11.h3 fxe5 12.Nxe5 Qb6 13.Qc2 Bf5 14.Qxc6 Qxd4 15.
Nf3 Qc4 16.Qxc4 dxc4 17.Rxe7 Bxh3 18.Nfd2 Rae8 19.Rxe8 Rxe8 20.Nf3 Bg4 21.
Nbd2 Nf5 22.a4 Nd4 23.Kf1 Nc2 24.Ra2 Be6 25.Ng5 Bd5 0-1

[Event "Xtracon Chess Open 2018"]
[Site "Elsinore"]
[Date "2018.07.25"]
[Round "6"]
[White "Hansen, Verner"]
[Black "Bebchuk, Leonid"]
[Result "1/2-1/2"]
[WhiteElo "1876"]
[BlackElo "2072"]
[EventDate "2018.07.21"]
[WhiteFideId "1425285"]
[BlackFideId "2803305"]

1.e4 c5 2.Nc3 Nc6 3.d3 g6 4.g3 Bg7 5.Bg2 d6 6.f4 f5 7.Nf3 Nf6 8.O-O O-O 9.
Be3 Ng4 10.Bd2 Kh8 11.Rb1 Be6 12.a3 a5 13.Ne2 a4 14.c3 Ba2 15.Rc1 Bg8 16.
h3 Nf6 17.e5 dxe5 18.fxe5 Nd5 19.d4 cxd4 20.cxd4 Qb6 21.Nc3 Nxc3 22.bxc3 
Nxe5 23.Nxe5 Bxe5 24.Kh2 Bf6 25.Rb1 Qd6 26.Bxb7 Ra7 27.Rb4 Bb3 28.Qf3 Rd8 
29.Bf4 Qe6 30.Rf2 Rxb7 31.Qxb7 Bd5 32.Qb6 Rd6 33.Qb5 Qe4 34.Qf1 Rd8 35.
Rbb2 Rc8 36.Rbe2 Qd3 37.Re3 Qxf1 38.Rxf1 Kg7 39.Rf2 Kf7 40.Rb2 Bb3 41.h4 
e6 42.Bd6 h6 43.Bb4 g5 44.hxg5 hxg5 45.Rbe2 Bd5 46.Bd6 g4 47.Kg1 Bg5 48.
Bf4 Be7 49.Rh2 Bb3 50.Rh7+ Ke8 51.Rh8+ Kd7 52.Rxc8 Kxc8 53.c4 Bxa3 54.Rxe6
Bb2 55.d5 a3 56.Be5 Bxe5 57.Rxe5 a2 58.Re1 Bxc4 59.Ra1 Kd7 60.Kf2 Bxd5 61.
Ke3 Ke6 62.Kf4 Kf6 63.Rd1 Bc4 64.Ra1 Bb3 65.Rh1 Bc2 66.Rh6+ Ke7 67.Ra6 Bb1
68.Ra7+ Kd6 69.Ra6+ Kc5 70.Rxa2 Bxa2 71.Kxf5 1/2-1/2

[Event "Xtracon Chess Open 2018"]
[Site "Elsinore"]
[Date "2018.07.25"]
[Round "6"]
[White "Arndt, Uwe"]
[Black "Jessen, Alexander"]
[Result "1-0"]
[WhiteElo "1873"]
[BlackElo "2071"]
[EventDate "2018.07.21"]
[WhiteFideId "24647713"]
[BlackFideId "1437917"]

1.d4 d5 2.c4 e6 3.Nf3 c6 4.e3 f5 5.Nc3 Nf6 6.b3 Bd6 7.Bd3 O-O 8.Bb2 Ne4 9.
Qc2 Nd7 10.O-O Ndf6 11.Ne2 Qc7 12.c5 Be7 13.Ne5 Bd7 14.f3 Ng5 15.Rae1 b6 
16.Nf4 Nf7 17.Nxd7 Qxd7 18.Nxe6 Rfe8 19.Bxf5 Nh6 20.Nxg7 Nxf5 21.Nxf5 Bf8 
22.e4 Re6 23.e5 Rae8 24.Nd6 Bxd6 25.cxd6 Nh5 26.f4 Rg6 27.f5 Rg4 28.Qe2 
Qg7 29.f6 Nxf6 30.Rxf6 Re4 31.Qf2 Qg4 32.Rxe4 Qxe4 33.Ba3 c5 34.dxc5 bxc5 
35.Bxc5 h5 36.Qg3+ Kh8 37.Rh6+ 1-0

[Event "Xtracon Chess Open 2018"]
[Site "Elsinore"]
[Date "2018.07.25"]
[Round "6"]
[White "Salerno, Christian"]
[Black "Hjornevik, Knut J"]
[Result "1-0"]
[WhiteElo "2070"]
[BlackElo "1860"]
[EventDate "2018.07.21"]
[WhiteFideId "1310810"]
[BlackFideId "1505157"]

1.e4 e6 2.Nf3 d5 3.Nc3 Nf6 4.e5 Nfd7 5.d4 c5 6.dxc5 Nc6 7.Bf4 Bxc5 8.Bd3 
f6 9.exf6 Nxf6 10.Qe2 Qe7 11.O-O-O Bd7 12.Rhe1 a6 13.Ne5 Nb4 14.g4 Nxd3+ 
15.Rxd3 Bb5 16.Nxb5 axb5 17.g5 Ne4 18.Rh3 O-O 19.Rxh7 Rxa2 20.c3 Ra1+ 21.
Kc2 Rxe1 22.Qh5 Re2+ 23.Kb3 1-0

[Event "Xtracon Chess Open 2018"]
[Site "Elsinore"]
[Date "2018.07.25"]
[Round "6"]
[White "Nielsen, Jorgen Lovgren"]
[Black "Pettersen, Johan"]
[Result "0-1"]
[WhiteElo "2051"]
[BlackElo "1858"]
[EventDate "2018.07.21"]
[WhiteFideId "1403850"]
[BlackFideId "1522183"]

1.e4 e6 2.d4 d5 3.Nd2 Nf6 4.e5 Nfd7 5.Bd3 c5 6.c3 Nc6 7.Ne2 cxd4 8.cxd4 f6
9.exf6 Nxf6 10.Nf3 Bd6 11.O-O O-O 12.Bg5 e5 13.dxe5 Nxe5 14.Nxe5 Bxe5 15.
Ng3 Qb6 16.Bxf6 Qxf6 17.Qc2 g6 18.Rab1 Bd7 19.Kh1 Rac8 20.Qb3 Bc6 21.Be4 
Qf7 22.Bf3 d4 23.Qxf7+ Rxf7 24.Ne4 Rd8 25.Rfe1 Bf4 26.Rbd1 d3 27.Nc5 d2 
28.Re2 Bxf3 29.gxf3 Rc7 30.Nb3 Rc1 31.Nxc1 dxc1=Q 32.Rxc1 Bxc1 33.Re7 Bxb2
34.Rxb7 Bd4 35.Kg2 Bb6 36.a4 Rd2 37.Kg3 Ra2 38.Kf4 Rxa4+ 39.Ke5 Ra5+ 0-1

[Event "Xtracon Chess Open 2018"]
[Site "Elsinore"]
[Date "2018.07.25"]
[Round "6"]
[White "Skaale, Janus"]
[Black "Stray, Gunnar"]
[Result "0-1"]
[WhiteElo "1867"]
[BlackElo "2048"]
[EventDate "2018.07.21"]
[WhiteFideId "7201575"]
[BlackFideId "1501631"]

1.e4 c5 2.Nf3 e6 3.d4 cxd4 4.Nxd4 a6 5.c4 Qc7 6.Nc3 Nf6 7.Be2 Nc6 8.Nxc6 
dxc6 9.O-O b5 10.cxb5 cxb5 11.Bg5 h6 12.Bh4 Bd6 13.Kh1 g5 14.Bg3 Bxg3 15.
fxg3 Qe5 16.Qd3 Bb7 17.Rad1 O-O 18.Qd4 Qxd4 19.Rxd4 Kg7 20.e5 Nd5 21.Ne4 
Ne3 22.Rc1 Nf5 23.Rb4 a5 24.Rc7 Bd5 25.Rxb5 Bxe4 26.Bf3 Nd4 27.Rb6 Nxf3 
28.gxf3 Bxf3+ 29.Kg1 Bd5 0-1

[Event "Xtracon Chess Open 2018"]
[Site "Elsinore"]
[Date "2018.07.25"]
[Round "6"]
[White "Mortensen, Rogvi"]
[Black "Ufnarovski, Victor"]
[Result "1/2-1/2"]
[WhiteElo "2047"]
[BlackElo "1854"]
[EventDate "2018.07.21"]
[WhiteFideId "7202369"]
[BlackFideId "1743856"]

1.d4 e6 2.c4 d5 3.Nf3 Nf6 4.g3 c6 5.Bg2 Nbd7 6.Qc2 Qc7 7.O-O dxc4 8.Qxc4 
Bd6 9.b3 O-O 10.Bb2 e5 11.e4 Nxe4 12.Re1 b5 13.Qc2 f5 14.dxe5 Nxe5 15.Nd4 
Bd7 16.Nc3 Nxc3 1/2-1/2

[Event "Xtracon Chess Open 2018"]
[Site "Elsinore"]
[Date "2018.07.25"]
[Round "6"]
[White "Hansen, Svein E"]
[Black "Stam, Bart"]
[Result "1-0"]
[WhiteElo "2041"]
[BlackElo "1845"]
[EventDate "2018.07.21"]
[WhiteFideId "1519727"]
[BlackFideId "1006240"]

1.d4 Nf6 2.c4 e6 3.Nf3 Bb4+ 4.Bd2 a5 5.a3 Be7 6.Nc3 d5 7.e3 O-O 8.Ne5 c5 
9.cxd5 cxd4 10.exd4 Nxd5 11.Bd3 Nf6 12.Be3 Bd7 13.O-O Nc6 14.f4 g6 15.g4 
Be8 16.Be2 Nd5 17.Nxd5 Qxd5 18.Bf3 Qd6 19.Qd2 f6 20.Nc4 Qc7 21.d5 exd5 22.
Nb6 Ra6 23.Nxd5 Qd8 24.Rad1 Bf7 25.Qc3 Qb8 26.Nb6 Rxb6 27.Bxb6 Qxf4 28.
Bxc6 Qxg4+ 29.Bg2 1-0